000
00295nam a22001337a 4500
008
170502b xxu||||| |||| 00| 0 eng d
020
_a
9781558341951
041
_a
eng
080
_2
3RD
_a
34
100
_a
14
101
_a
SHJ
245
_a
THE MOOT COURT BOOK
_c
GAUBATZ, J.T
942
_2
udc
_c
BK
999
_c
12440
_d
12440